000 00269nam a2200109Ia 4500
008 260210s9999 xx 000 0 und d
020 _a9791189659349
100 _aJill
245 4 _aThe Space Of Cafe With Brand 01 (Price Printed)
260 _bArchilab
942 _cBDES
999 _c14111
_d14111